000 01139cab a2200217 4500
001 ##L133762
008 060608n2006 000 0 eng u
035 _a(Sirsi) u133762
041 0 _aeng
050 0 4 _a658.562
110 2 _aBernard Williams Associates
_93335
245 0 0 _aBenchmarking of construction efficiency in the EU member states
_bscoping study
260 _c2006
520 _aA new report commissioned by the EU has revealed that the UK is the second-worst member state with regard to resource and labour efficiency in the construction sector. The traditional craft-based structures and processes still used in the UK, Ireland, France and Spain consume significantly more labour and materials than the more industrialised approach adopted in Germany and the Nordic countries. Rates of pay are higher in these countries, and staff need less on-site supervision. Contains bar charts.
590 _aIKA200606 NTK
650 2 4 _aEUROPEAN UNION
651 4 _aEUROPE
690 _aConstruction management
_96230
856 4 1 _uhttps://www.bwassoc.co.uk/
_zView the item free of charge at www.bwassoc.co.uk...
942 _n0
999 _c77192
_d77192